15 Largest Cities in France🇫🇷 - Statistics

General Stats
  • This quiz has been taken 126 times
    94 since last reset
  • The average score is 12 of 15
Answer Stats
Population City % Correct
2.1 mil Paris
100%
794k Marseille
98%
472k Lyon
95%
231k Bordeaux
91%
338k Nice
91%
274k Strasbourg
84%
433k Toulouse
84%
277k Nantes
80%
228k Lille
79%
248k Montpellier
72%
209k Rennes
70%
168k Toulon
61%
196k Reims
60%
183k Le Havre
55%
176k Saint-Etienne
54%
No matching quizzes found
Score Distribution
Percent of People with Each Score
Percentile by Number Answered
Your Score History
You have not taken this quiz since the last reset